Histr̤ia Oral do Supremo [1988-2013] Teori Zavascki / Vol. 16

Detalles Bibliográficos
Autor principal: de Castro Fontainha, Fernando
Otros Autores: Sasada Sato, Leonardo Seiichi
Formato: eBook
Lenguaje:portugués
Publicado: Rio de Janeiro: FGV - Direito Rio, 2017
Colección:FGV - Direito Rio. Coleȯ̂ Histr̤ia Oral do STF [1988-2013]
Materias:
Acceso en línea:Acceso restringido

MARC

LEADER 00000nam a22000007a 4500
005 20180503011849.0
007 cr|||| ||||
008 180503s2017 br |||||s|||| 00||0 por d
020 |a 978-85-63265-81-4 
035 |a 21527 
040 |a vLex 
090 |c 7891  |d 7891 
100 1 |a de Castro Fontainha, Fernando 
245 1 0 |a Histr̤ia Oral do Supremo [1988-2013]  |h [Recurso electrn̤ico] :  |b Teori Zavascki /  |c Fernando de Castro Fontainha, Leonardo Seiichi Sasada Sato  |n Vol. 16 
256 |a Servicio en ln̕ea 
260 |a Rio de Janeiro:  |b FGV - Direito Rio,  |c 2017 
300 |a 1 recurso electrn̤ico 
490 0 |a FGV - Direito Rio. Coleȯ̂ Histr̤ia Oral do STF [1988-2013] 
506 1 |a Disponible solo en los productos indicados  |d vLex Global  |d vLex Global (Academic Edition, excluding Law Schools)  |d vLex Global (U.S. Academic Edition, Law Schools)  |d vLex Global (U.S. Academic Edition, excluding Law Schools)  |d vLex Global (Academic Edition, Law Schools) 
650 0 4 |a Derecho Civil  |z Brasil 
650 0 4 |a Derecho Mercantil y de la Empresa  |z Brasil 
650 0 4 |a Derecho Laboral y Seguridad Social  |z Brasil 
650 0 4 |a Derecho Pb︢lico y Administrativo  |z Brasil 
650 0 4 |a Derecho Constitucional  |z Brasil 
700 1 |a Sasada Sato, Leonardo Seiichi 
740 0 |a vLex Libros (Servicio en ln̕ea) 
856 4 0 |u http://vlex.com/source/historia-oral-do-supremo-1988-2013-teori-zavascki-vol-16-21527  |z Acceso restringido 
942 |c BOOK 
999 0 |a Civil Law 
999 0 |a Business and Company Law 
999 0 |a Labor Law and Social Security 
999 0 |a Public and Administrative Law 
999 0 |a Constitutional Law